| 000 | 00524cam a2200205ua 4500 | ||
|---|---|---|---|
| 001 | 11626 | ||
| 005 | 20260515114757.0 | ||
| 008 | 191012n ii |||gr||||Z||||||asm | ||
| 020 | _a978938205663403 | ||
| 040 | _cMAIN | ||
| 082 | _a891.4514 | ||
| 100 |
_aAkashitora, _eAuthor. |
||
| 245 |
_aMur priyo puruxbur aru ityadi _cBy Akashitora |
||
| 250 | _a1st d. | ||
| 260 |
_aDibrugarh: _bBanlata, _c2017. |
||
| 300 | _a517p. | ||
| 653 | _aEast Indo-European & Celtic literatures | ||
| 653 | _aAssamese Prose | ||
| 942 | _cBK | ||
| 999 |
_c10427 _d10427 |
||